1139 1609 1083 1367 1459 1008 1651 1539 1682 1764 1970 1573 1698 1220 1134 1361 1755 1438 1511 1690 1749 1885 1031 1228 1733 1246 1977 1470 1287 1960 1448 1696 1291 1040 1939 1772 1429 1085 1079 1174 1305 1515 1239 1957 1675 1948 1237 1326 1777 1330 1096 1401 1759 1986 1801 1651 1581 1387 1150 1346 1260 1948 1937 1024 1640 1427 1457 1262 1316 1053 1408 1222 1870 1808 1954 1846 1447 1710 1067 1095 1089 1444 1351 1762 1955 1784 1518 1350 1616 1408 1311 1782 1046 1140 1227 1822 1759 1864 1972 BCNSPRNW ULIB Ver.6.0+V

เปลี่ยนเป็นภาษาไทย

Change to English
 แสดงรายละเอียดบรรณานุกรม
  กลับหน้าหลัก

Brief Record : Get Marc (ISO 2709) : E-mail record : QR code < ปิดหน้าต่าง
LEADER : 00000nam 2200000uu 4500
001    13399123700
003     ULIB
008    020711s2552 th a 000 0 tha d
020    9786110600651
090    นว.^bป444ร
100    ปราณธร
245    ร้ายเท่ารัก/^cปราณธร
250    พิมพ์ครั้งที่ 2
260    กรุงเทพฯ :^bแจ่มใส,^c2552
300    350 หน้า
945    ^p219^l0^i026022
999    ^aทศพร
รายการนี้ยังไม่มีแท็ก
คุณยังไม่ได้ล็อกอิน คุณสามารถมีกิจกรรมร่วมกับเว็บไซต์ได้ แต่ต้องล็อกอินก่อน ::
  ล็อกอิน

รายการสื่อสารสนเทศ

ลำดับที่ ประเภท เลขเรียก/บาร์โค้ด สถานที่ สถานะ
1. นวนิยาย
นวนิยาย
นว. ป444ร ฉ.1 
  Barcode: 026022
ห้องสมุดวิทยาเขตสวรรค์ประชารักษ์
►นวนิยาย
บนชั้น
  ขอยืม

รายการใกล้เคียง
    ผู้แต่ง [ปราณธร]

BibComment


ยังไม่เคยถูกคอมเมนท์

คอมเมนท์ทรัพยากรรายการนี้
  คอมเมนท์: ร้ายเท่ารัก ปราณธร


 Copyright 2026. Bcnsprnw @Library